[Event "Mallorca-ch D2"]
[Site "Palma de Mallorca"]
[Date "2000.12.16"]
[Round "7"]
[White "Martinez Gonzalez, Antonio David"]
[Black "Capo, Sebastian"]
[Result "1-0"]
[WhiteElo "1894"]
[BlackElo "1926"]
[PlyCount "135"]
[EventDate "2000.??.??"]
[EventType "swiss"]
[EventRounds "8"]
[EventCountry "ESP"]
[SourceTitle "EXT 2003"]
[Source "ChessBase"]
[SourceDate "2002.11.25"]
[SourceVersion "1"]
[SourceVersionDate "2002.11.25"]
[SourceQuality "1"]

1. e4 c5 2. Nf3 e6 3. d4 cxd4 4. Nxd4 a6 5. Nc3 Qc7 6. Be3 Nc6 7. Nxc6 bxc6 8. Bc4 Nf6 9. Qd3 Be7 10. 0-0-0 Bb7 11. h3 d5 12. exd5 cxd5 13. Bb3 0-0 14. Rhe1 Bc6 15. Ba4 Bxa4 16. Nxa4 Qa5 17. Nc3 Rfc8 18. a3 Rab8 19. a4 Bb4 20. Bd4 Ne4 21. Nxe4 dxe4 22. Qg3 g6 23. Qe5 Qxe5 24. Bxe5 Bxe1 25. Bxb8 Bxf2 26. Bd6 e3 27. Bb4 e2 28. Rh1 Rd8 29. c4 Be3+ 30. Kc2 Rd4 31. b3 Rf4 32. Re1 Rf2 33. Kd3 Bf4 34. Rxe2 Rf1 35. c5 Rb1 36. Kc2 Rc1+ 37. Kb2 h5 38. Rc2 Rxc2+ 39. Kxc2 Bc7 40. Bc3 a5 41. b4 axb4 42. Bxb4 Kf8 43. a5 Ke8 44. a6 Bb8 45. c6 Ba7 46. Bd6 f5 47. Kd2 g5 48. Ke2 Kd8 49. Kf3 Kc8 50. g4 fxg4+ 51. hxg4 h4 52. Kg2 Bb8 53. Be7 Ba7 54. Bxg5 Kc7 55. Bxh4 Kxc6 56. Bf2 Bb8 57. a7 Bxa7 58. Bxa7 Kd7 59. Kf3 Ke8 60. Ke4 Kf7 61. Ke5 Kg6 62. Be3 Kf7 63. g5 Kg6 64. Kxe6 Kg7 65. Kf5 Kf7 66. Bd4 Kf8 67. Kg6 Kg8 68. Bc3 1-0

[Event "Mallorca-ch D2"]
[Site "Palma de Mallorca"]
[Date "2000.11.04"]
[Round "3"]
[White "Capo, Sebastian"]
[Black "Palerm Barcelo, Jeroni"]
[Result "1/2-1/2"]
[WhiteElo "1926"]
[BlackElo "1838"]
[PlyCount "92"]
[EventDate "2000.??.??"]
[EventType "swiss"]
[EventRounds "8"]
[EventCountry "ESP"]
[SourceTitle "EXT 2003"]
[Source "ChessBase"]
[SourceDate "2002.11.25"]
[SourceVersion "1"]
[SourceVersionDate "2002.11.25"]
[SourceQuality "1"]

1. d4 Nf6 2. c4 g6 3. Nc3 Bg7 4. e4 d6 5. Nf3 0-0 6. Be2 Nc6 7. Be3 a6 8. a3 Bd7 9. Qd2 Na5 10. Qc2 Bg4 11. b4 Bxf3 12. Bxf3 Nxc4 13. 0-0 Nxe3 14. fxe3 c6 15. Rad1 Qc7 16. Qd3 Rad8 17. d5 c5 18. bxc5 Qxc5 19. Ne2 Nd7 20. Rc1 Qa7 21. Nd4 Ne5 22. Qd2 Bh6 23. Kf2 Rc8 24. Qe2 b5 25. h4 Nc4 26. Nc2 Ne5 27. g4 Rc4 28. g5 Bg7 29. h5 Rfc8 30. hxg6 fxg6 31. Bg2 Rc3 32. Rfd1 Nc4 33. Rd3 Nxa3 34. Rxc3 Rxc3 35. Bh3 Nxc2 36. Rxc2 Qc5 37. Be6+ Kh8 38. Rxc3 Qxc3 39. Kf3 Qe5 40. Qc2 Bf8 41. Qc8 Qg7 42. Qxa6 h6 43. Qxb5 hxg5 44. Qf1 Qe5 45. Qh3+ Kg7 46. Qg4 Qf6+ 1/2-1/2